| 000 -LEADER |
| fixed length control field |
00936nam a2200241Ia 4500 |
| 001 - CONTROL NUMBER |
| control field |
1375 |
| 003 - CONTROL NUMBER IDENTIFIER |
| control field |
GE_BSU |
| 005 - DATE AND TIME OF LATEST TRANSACTION |
| control field |
20210224132514.0 |
| 008 - FIXED-LENGTH DATA ELEMENTS--GENERAL INFORMATION |
| fixed length control field |
181216s2003||||ru |||||||||||||| ||rus|| |
| 020 ## - INTERNATIONAL STANDARD BOOK NUMBER |
| International Standard Book Number |
5769512962 |
| 040 ## - CATALOGING SOURCE |
| Transcribing agency |
GE_BSU |
| 041 ## - LANGUAGE CODE |
| Language code of text/sound track or separate title |
rus |
| 080 ## - UNIVERSAL DECIMAL CLASSIFICATION NUMBER |
| Universal Decimal Classification number |
575(075.8) Щ-86 |
| 100 ## - MAIN ENTRY--PERSONAL NAME |
| Personal name |
Щипков, В.П. |
| 9 (RLIN) |
10220 |
| 245 ## - TITLE STATEMENT |
| Title |
Общая медицинская генетика : |
| Remainder of title |
учебное пособие для студентов высших медицинских вузов / |
| Statement of responsibility, etc. |
В. П. Щипков, Г. Н. Кривошеина. |
| 264 ## - PRODUCTION, PUBLICATION, DISTRIBUTION, MANUFACTURE, AND COPYRIGHT NOTICE |
| Place of production, publication, distribution, manufacture |
Москва : |
| Name of producer, publisher, distributor, manufacturer |
Академия, |
| Date of production, publication, distribution, manufacture, or copyright notice |
2003. |
| 300 ## - PHYSICAL DESCRIPTION |
| Extent |
256 стр. : |
| Other physical details |
ил., табл. ; |
| Dimensions |
22 см. |
| 653 ## - INDEX TERM--UNCONTROLLED |
| keyword |
Общая медицинская генетика |
| 653 ## - INDEX TERM--UNCONTROLLED |
| keyword |
სამედიცინო გენეტიკა |
| 653 ## - INDEX TERM--UNCONTROLLED |
| keyword |
медицина |
| 700 ## - ADDED ENTRY--PERSONAL NAME |
| Personal name |
Кривошеина,Г.Н. |
| Relator term |
ავტორი |
| 9 (RLIN) |
10221 |
| 942 ## - ADDED ENTRY ELEMENTS (KOHA) |
| Koha item type |
წიგნი |
| Source of classification or shelving scheme |
|